Vista normal Vista MARC
  • Rojas Bolaños, Manuel

Entrada Personal Name

Número de registros utilizados en: 1

001 - CONTROL NUMBER

  • control field: 45258

003 - CONTROL NUMBER IDENTIFIER

  • control field: OSt

005 - DATE AND TIME OF LATEST TRANSACTION

  • control field: 20171219091226.0

008 - FIXED-LENGTH DATA ELEMENTS

  • fixed length control field: 171219|| aca||aabn | a|a d

040 ## - CATALOGING SOURCE

  • Original cataloging agency: OSt
  • Transcribing agency: OSt

100 ## - HEADING--PERSONAL NAME

  • Personal name: Rojas Bolaños, Manuel

670 ## - SOURCE DATA FOUND

  • Source citation: Work cat.: (OSt): Rojas Bolaños, Manuel, Los años ochenta y el futuro incierto